Sampling, aliasing, and data fidelity for electronic imaging systems, communications, and data acquisition / (Record no. 175579)
[ view plain ]
| 000 -LEADER | |
|---|---|
| fixed length control field | 00958 a2200193 4500 |
| 003 - CONTROL NUMBER IDENTIFIER | |
| control field | Nust |
| 005 - DATE AND TIME OF LATEST TRANSACTION | |
| control field | 20220804125445.0 |
| 010 ## - LIBRARY OF CONGRESS CONTROL NUMBER | |
| LC control number | 97034944 |
| 020 ## - INTERNATIONAL STANDARD BOOK NUMBER | |
| International Standard Book Number | 0964000032 (hardcover) |
| 040 ## - CATALOGING SOURCE | |
| Transcribing agency | Nust |
| 082 00 - DEWEY DECIMAL CLASSIFICATION NUMBER | |
| Classification number | 621.367,HOL |
| 100 1# - MAIN ENTRY--PERSONAL NAME | |
| Personal name | Holst, Gerald C. |
| 9 (RLIN) | 96531 |
| 245 10 - TITLE STATEMENT | |
| Title | Sampling, aliasing, and data fidelity for electronic imaging systems, communications, and data acquisition / |
| Statement of responsibility, etc. | Gerald C. Holst. |
| 260 ## - PUBLICATION, DISTRIBUTION, ETC. | |
| Place of publication, distribution, etc. | Winter Park, FL : |
| Name of publisher, distributor, etc. | JCD Pub. ; |
| Place of publication, distribution, etc. | Bellingham, WA : |
| Name of publisher, distributor, etc. | SPIE Optical Engineering Press, |
| Date of publication, distribution, etc. | c1998. |
| 300 ## - PHYSICAL DESCRIPTION | |
| Extent | xvi, 326 p. : |
| Other physical details | ill. ; |
| Dimensions | 24 cm. |
| 505 ## - FORMATTED CONTENTS NOTE | |
| Formatted contents note | Introduction (Page-1), Fourier Transform (Page-29), Linear System Theory (Page-65), Sampling (Page-81), Sampling Devices (Page-98), Resampling (Page-131), Reconstruction (Page-158), Reconstructed Signal Processing (Page-196, System Analysis (Page-228), System Resolution (Page-274), Image Quality Metrics (Page-293). |
| 650 #0 - SUBJECT ADDED ENTRY--TOPICAL TERM | |
| Topical term or geographic name entry element | Telecommunication Engineering. |
| 942 ## - ADDED ENTRY ELEMENTS (KOHA) | |
| Koha item type | Reference |
| Source of classification or shelving scheme | |
| Withdrawn status | Lost status | Source of classification or shelving scheme | Damaged status | Not for loan | Permanent Location | Current Location | Shelving location | Date acquired | Full call number | Barcode | Date last seen | Price effective from | Koha item type | Public note |
|---|---|---|---|---|---|---|---|---|---|---|---|---|---|---|
| Military College of Signals (MCS) | Military College of Signals (MCS) | Reference | 12/12/2016 | 621.367,HOL | MCS30931 | 12/08/2016 | 12/12/2016 | Reference | Almirah No.20, Shelf No.5 |
